Reader's digest condensed./ (Record no. 16965)
[ view plain ]
| 000 -LEADER | |
|---|---|
| fixed length control field | 01323cas a22003971 4500 |
| 001 - CONTROL NUMBER | |
| control field | 11144604 |
| 003 - CONTROL NUMBER IDENTIFIER | |
| control field | OSt |
| 005 - DATE AND TIME OF LATEST TRANSACTION | |
| control field | 20140310182849.0 |
| 008 - FIXED-LENGTH DATA ELEMENTS--GENERAL INFORMATION | |
| fixed length control field | 740726d195019uunyuqr p 0 a0eng |
| 010 ## - LIBRARY OF CONGRESS CONTROL NUMBER | |
| LC control number | 50012721 |
| 016 7# - NATIONAL BIBLIOGRAPHIC AGENCY CONTROL NUMBER | |
| Record control number | 000279574 |
| Source | IsJJNL |
| 022 0# - INTERNATIONAL STANDARD SERIAL NUMBER | |
| International Standard Serial Number | 1541-0927 |
| Source | 1 |
| 035 ## - SYSTEM CONTROL NUMBER | |
| System control number | (OCoLC)ocm00964181 |
| 040 ## - CATALOGING SOURCE | |
| Original cataloging agency | DLC |
| Language of cataloging | eng |
| Transcribing agency | OClU |
| Modifying agency | DLC |
| -- | OCoLC |
| -- | DLC |
| -- | NST |
| -- | DLC |
| -- | J9U |
| -- | OCoLC |
| 042 ## - AUTHENTICATION CODE | |
| Authentication code | pcc |
| 050 00 - LIBRARY OF CONGRESS CALL NUMBER | |
| Classification number | AP 2 |
| Item number | .R286 1997 |
| 082 04 - DEWEY DECIMAL CLASSIFICATION NUMBER | |
| Classification number | REF 051 |
| Item number | R22 1997 |
| 210 0# - ABBREVIATED TITLE | |
| Abbreviated title | Read. dig. cond. books |
| 222 #0 - KEY TITLE | |
| Key title | Reader's digest condensed books |
| 245 00 - TITLE STATEMENT | |
| Title | Reader's digest condensed./ |
| Statement of responsibility, etc | Reader's Digest Association |
| 260 ## - PUBLICATION, DISTRIBUTION, ETC. (IMPRINT) | |
| Place of publication, distribution, etc | New York : |
| Name of publisher, distributor, etc | The Reader's Digest Association, Inc, |
| Date of publication, distribution, etc | 1997. |
| 300 ## - PHYSICAL DESCRIPTION | |
| Extent | 574 p. |
| Dimensions | 20 cm. |
| Other physical details | ill. : (some col.) ; |
| 362 0# - DATES OF PUBLICATION AND/OR SEQUENTIAL DESIGNATION | |
| Dates of publication and/or sequential designation | spring 1950- |
| 520 ## - SUMMARY, ETC. | |
| Summary, etc | 1. Condensed books 2. Readers digest |
| 521 ## - TARGET AUDIENCE NOTE | |
| Target audience note | |
| 541 ## - IMMEDIATE SOURCE OF ACQUISITION NOTE | |
| -- | 1 |
| 562 ## - COPY AND VERSION IDENTIFICATION NOTE | |
| Number of copies | 1 |
| 590 ## - LOCAL NOTE (RLIN) | |
| Local note | SERBIB/SERLOC merged record |
| 650 #0 - SUBJECT ADDED ENTRY--TOPICAL TERM | |
| Topical term or geographic name as entry element | Condensed books. |
| 776 08 - ADDITIONAL PHYSICAL FORM ENTRY | |
| Display text | Online version: |
| Title | Reader's digest condensed books |
| Record control number | (OCoLC)573302329 |
| 785 00 - SUCCEEDING ENTRY | |
| Title | Reader's digest (Condensed books) |
| International Standard Serial Number | 1541-0919 |
| Record control number | (DLC) 98640155 |
| -- | (OCoLC)39311377 |
| 906 ## - LOCAL DATA ELEMENT F, LDF (RLIN) | |
| a | 7 |
| b | cbc |
| c | serials |
| d | 2 |
| e | ncip |
| f | 19 |
| g | n-oclcserc |
| 936 ## - OCLC/CONSER MISCELLANEOUS DATA (OCLC); PIECE USED FOR CATALOGING (pre-AACR2) (RLIN) | |
| OCLC control number(s) of parallel record(s) (OCLC); Piece used for cataloging, PUC (RLIN) | unknown |
| -- | spring 1950 |
| 942 ## - ADDED ENTRY ELEMENTS (KOHA) | |
| Source of classification or shelving scheme | Library of Congress Classification |
| Koha item type | |
| Call number prefix | |
| Withdrawn status | Lost status | Damaged status | Home library | Current library | Shelving location | Date acquired | Total Checkouts | Full call number | Barcode | Date last seen | Copy number | Price effective from | Koha item type |
|---|---|---|---|---|---|---|---|---|---|---|---|---|---|
| College Library | College Library | General Circulation Section | 06/19/2013 | AP 2 .R285 1992 v.5 | C4285 | 05/15/2018 | 1 | 11/14/2013 | Books |